000 01107nac a22003497a 4500
001 BR8205514
003 BR-BrBNA
005 20240105115516.0
008 230509b bl.|||m| |||| 00| 0 por d
040 _aBR-BrBNA
_bpor
_cBiblioteca Nacional de Agricultura
072 _aM00; Q10; E70
090 _a8100 BR8205514
100 1 _aFonteles-Filho, A.A.
100 1 _aCastro, M.G.G.M. de
110 1 _aUniversidade Federal do Ceara, Fortaleza (Brasil). Lab. de Ciencias do Mar
_911047
245 1 _aPlano de assistencia tecnica a pesca artesanal maritima do estado do Ceara (Brasil)
260 3 _aFortaleza, CE (Brasil):
_c1982.
300 _a26 p.
490 _aBoletim de Ciencias do Mar (Brazil)
_vno. 37
_x
500 _a12 ref.; Summary (En)
650 _aPESCA ARTESANAL
650 _aPLANEJAMENTO PESQUEIRO
650 _aASSISTENCIA TECNICA
650 _aINDUSTRIA PESQUEIRA
650 _aCONSERVACAO
650 _aCOMERCIALIZACAO
650 _aESTOQUE
650 _aCOOPERATIVA
650 _aCEARA
909 _a202312
_bLúcia Elande
_c55
_dLúcia Elande
942 _2AGRIS
_n0
_cMS
999 _c275110
_d275110